000 00604nam a22002057a 4500
005 20251108174636.0
008 250721s2008 xx 000 0 ara d
082 1 4 _a304.2/شوا
100 1 _aالشواورة، علي سالم إحميدان
_eمؤلف
245 1 0 _aالعمران الريفي و الحضري /
250 _aط.2
264 1 _a( رام الله ) :
_bالشواورة،
_c2008.
300 _a432ص.
650 1 7 _aالجغرافيه البشريه
650 1 7 _aالريف
650 1 7 _aالحضريون
653 _aالعمران
942 _2ddc
_cBK
999 _c114302
_d114302